| 000 | 00465nam a22001817a 4500 | ||
|---|---|---|---|
| 005 | 20251211133434.0 | ||
| 008 | 160528b xxu||||| |||| 00| 0 eng d | ||
| 020 | _a976-81-203-2220-2 | ||
| 041 | _aeng | ||
| 082 | _b5801 | ||
| 100 |
_aKOHLS, RICHARD L. AND UHL, JOSEPH N. _98853 |
||
| 245 | _aMARKETING OF AGRICULTURAL PRODUCTS [9TH ED. ] | ||
| 250 | _a9TH ED, | ||
| 260 |
_aNew Delhi _bPHI, _c2009 |
||
| 300 | _a544;P | ||
| 650 | _aManagement | ||
| 942 | _cBK | ||
| 999 |
_c2055 _d2054 |
||